Slovenská rádiológia

Bibliographic Details
Previous Title:Česko-slovenská radiologie
Other Authors: Poláková Mištinová, Jana (Publishing director)
Format: Journal
Language:Slovak
Czech
English
PhysicalDescription:zv. obr. 29 cm
Published: Bratislava R a D print 1994-2025
Bratislava Slovenská rádiologická spoločnosť
ISSN:1335-0625
0069-2344
Subjects:
Online Access:http://www.slovakradiology.sk/journals?parentId=153&type=9

MARC

LEADER 00000cas a2200000 a 4500
001 vtls001476006
003 SK-MaSNL
005 20260228160739.0
008 040603d19942025xo fr|p 0 0b0slo
022 |a 1335-0625 
035 |a SNK000431307 
035 |a (SVKBB03)vtls000039007 
040 |a SNK  |b slo  |c SNK  |d SVKBB  |d SAVUK  |d SNK  |e AACR2 
041 0 |a slo  |a cze  |a eng  |b eng  |b slo  |b cze 
044 |a xo  |c SK 
072 7 |a 615.8  |x Fyzioterapia. Psychoterapia. Alternatívna medicína  |2 konspekt 
080 |a 615.849  |2 2011 
080 |a 050  |2 2011 
080 |a (051)-027.561  |2 2011 
210 0 |a Slov. radiol. 
222 0 |a Slovenská rádiológia 
245 0 0 |a Slovenská rádiológia 
260 |a Bratislava  |b R a D print  |c 1994-2025 
260 3 |3 1997-  |a Bratislava  |b Slovenská rádiologická spoločnosť 
300 |a zv.  |b obr.  |c 29 cm 
310 |a 2x ročne 
362 0 |a Roč.1 (1994)- roč.32, č. 1(2025) 
500 |a Popis podľa: Roč. 6, č. 1 (1999) 
500 |a Č. 2/2007 z tech. príčin nevyšlo 
500 |a Šéfred.: ?- , Jana Pláková Mištinová 
504 |a Bibliogr. 
546 |a Čiastoč. text v češ. angl. ; res. angl., čes., slov. 
550 |a 1995-1996 vydáva Nadácia Lúče života, Bratislava vo vydav. R a D print, Bratislava 
650 0 7 |a rádiológia  |2 SNKPH  |9 2579 
650 0 7 |a Radiology  |2 SNKPHeng  |9 267249 
655 7 |a odborné časopisy  |2 SNKPH  |9 70505 
655 7 |a Professional journals  |2 SNKPHeng  |9 265007 
700 1 |a Poláková Mištinová, Jana  |4 pbd  |9 267250 
710 2 |a Slovenská rádiologická spoločnosť (Bratislava, Slovensko)  |4 pbl  |9 267251 
780 0 0 |t Česko-slovenská radiologie  |x 0069-2344  |w vtls008880205 
852 |a Štátna vedecká knižnica v Banskej Bystrici 
856 4 1 |u http://www.slovakradiology.sk/journals?parentId=153&type=9 
910 |a savuk 
910 |a snk 
916 |a 1994-2012, 2013, 2014-2017, 2018-2019, 2020 
999 |c 3531  |d 5461 
952 |0 0  |1 0  |4 0  |7 0  |8 0  |a SNK  |b SNK  |d 2020-11-27  |i snk2020/21289  |l 0  |o snkČSB 5089/24/2017 D1  |p 17A1432125  |r 2026-02-21 19:24:18  |t č. 1  |w 2026-02-21  |y PREZ 
952 |0 0  |1 0  |4 0  |7 0  |8 0  |a SNK  |b SNK  |d 2021-07-08  |f 1  |i snk2021/8329  |l 0  |o snkČSB 5089/27/2020  |p 17A1434962  |r 2026-02-21 19:29:27  |t č. 1-2  |w 2026-02-21  |y PREZ  |z Č. 1-2 (dvojčíslo) 
952 |0 0  |1 0  |4 0  |7 0  |8 0  |a SNK  |b SNK  |d 2015-06-30  |i snk2015/20169  |l 0  |o snkČSB 5089/20/2013 D1  |p 17A1145213  |r 2026-02-21 19:34:36  |t č. 1-2  |w 2026-02-21  |y PREZ 
952 |0 0  |1 0  |4 0  |7 0  |8 0  |a SNK  |b SNK  |d 2014-10-08  |f 1  |i snk2014/21068  |l 0  |o snkČSB 5089/20/2013  |p 17A1046840  |r 2026-02-21 19:44:33  |t č. 1-2  |w 2026-02-21  |y PREZ 
952 |0 0  |1 0  |4 0  |7 0  |8 0  |a SNK  |b SNK  |d 2023-01-18  |i snk2023/940  |l 0  |o snkČSB 5089/25/2018 D1  |p 17A1465116  |r 2026-02-21 20:04:11  |t č. 1  |w 2026-02-21  |y PREZ 
952 |0 0  |1 0  |4 0  |7 0  |8 0  |a SNK  |b SNK  |d 2023-01-18  |i snk2023/942  |l 0  |o snkČSB 5089/27/2020 D1  |p 17A1465117  |r 2026-02-21 20:04:11  |t č. 1-2  |w 2026-02-21  |y PREZ 
952 |0 0  |1 0  |4 0  |7 0  |a SNK  |b SNK  |d 2001-11-07  |f 1  |i snkČSP 2463/2000  |l 0  |o snkČSB 5089/5/1998  |p 17A0321943  |r 2005-01-02 00:00:00  |t č. 1-2  |w 2026-02-21  |y PREZ 
952 |0 0  |1 0  |4 0  |7 0  |8 0  |a SNK  |b SNK  |d 2023-01-31  |i snk2023/1938  |l 0  |o snkČSB 5089/26/2019 D1  |p 17A1465383  |r 2026-02-21 20:17:50  |t č. 1  |w 2026-02-21  |y PREZ 
952 |0 0  |1 0  |3 rekatalogizácia  |4 0  |7 0  |a SNK  |b SNK  |d 2006-10-27  |f 1  |i snkČSP 2469/2000  |l 0  |o snkČSB 5089/2/1995  |p 17A0527459  |r 2026-02-21 20:18:31  |t č. 1-2  |w 2026-02-21  |y PREZ 
952 |0 0  |1 0  |4 0  |7 0  |a SNK  |b SNK  |d 2001-10-25  |l 0  |o snkČSB 5089/3/1996 D1  |p 17A0319807  |r 2005-01-02 00:00:00  |t č. 1-3  |w 2026-02-21  |y PREZ 
952 |0 0  |1 0  |4 0  |7 0  |a SNK  |b SNK  |d 2002-05-07  |l 0  |o snkČSB 5089/2/1995 D1  |p 17A0341762  |r 2005-01-02 00:00:00  |t č. 1-2  |w 2026-02-21  |y PREZ 
952 |0 0  |1 0  |4 0  |7 0  |a SNK  |b SNK  |d 2003-07-17  |f 1  |i snkČSP 2467/2000  |l 0  |o snkČSB 5089/1/1994  |p 17A0358698  |r 2005-01-02 00:00:00  |t č. 1-2  |w 2026-02-21  |y PREZ  |z č. 1 - 2 
952 |0 0  |1 0  |4 0  |7 0  |a SNK  |b SNK  |d 2003-07-21  |i snkČSP 2468/2003  |l 0  |o snkČSB 5089/1/1994 D1  |p 17A0390258  |r 2005-01-02 00:00:00  |t č. 1-2  |w 2026-02-21  |y PREZ  |z č. 1 - 2 
952 |0 0  |1 0  |4 0  |7 0  |a SNK  |b SNK  |d 2001-10-25  |l 0  |o snkČSB 5089/5/1998 D1  |p 17A0319910  |r 2005-01-02 00:00:00  |t č. 1-2  |w 2026-02-21  |y PREZ 
952 |0 0  |1 0  |4 0  |7 0  |8 0  |a SNK  |b SNK  |d 2015-01-26  |i snk2015/2209  |l 0  |o snkČSB 5089/19/2012 D1  |p 17A0871218  |r 2026-02-21 21:13:34  |t č. 1-2  |w 2026-02-21  |y PREZ 
952 |0 0  |1 0  |4 0  |7 0  |8 0  |a SNK  |b SNK  |d 2005-03-09  |f 1  |i snk2005/3555  |l 0  |o snkČSB 5089/6/1999  |p 17A0446015  |r 2026-02-21 21:20:18  |t č. 1-2  |w 2026-02-21  |y PREZ 
952 |0 0  |1 0  |4 0  |7 0  |8 0  |a SNK  |b SNK  |d 2005-03-09  |i snk2005/3557  |l 0  |o snkČSB 5089/6/1999 D1  |p 17A0446016  |r 2026-02-21 21:20:18  |w 2026-02-21  |y PREZ 
952 |0 0  |1 0  |4 0  |7 0  |8 0  |a SNK  |b SNK  |d 2005-03-09  |f 1  |i snk2005/3558  |l 0  |o snkČSB 5089/7/2000  |p 17A0446017  |r 2026-02-21 21:20:18  |t č. 1-2  |w 2026-02-21  |y PREZ 
952 |0 0  |1 0  |4 0  |7 0  |8 0  |a SNK  |b SNK  |d 2005-03-09  |i snk2005/3559  |l 0  |o snkČSB 5089/7/2000 D1  |p 17A0446018  |r 2026-02-21 21:20:18  |w 2026-02-21  |y PREZ 
952 |0 0  |1 0  |4 0  |7 0  |8 0  |a SNK  |b SNK  |d 2005-03-09  |f 1  |i snk2005/3561  |l 0  |o snkČSB 5089/8/2001  |p 17A0446110  |r 2026-02-21 21:20:18  |t č. 1-2  |w 2026-02-21  |y PREZ  |z Na obale č. 1 vytlačené - Ročník 1  
952 |0 0  |1 0  |3 rekatalogizácia  |4 0  |7 0  |8 2  |a SNK  |b SNK  |d 2005-03-09  |i snkV 2664/2005  |l 0  |o snkČSB 5089/8/2001 D1  |p 17A0446111  |r 2026-02-21 21:20:18  |t č. 1-2  |w 2026-02-21  |y PREZ  |z Na obale č. 1 vytlačené - Ročník 1 
952 |0 0  |1 0  |4 0  |7 0  |8 0  |a SNK  |b SNK  |d 2005-03-09  |f 1  |i snk2005/3565  |l 0  |o snkČSB 5089/9/2002  |p 17A0446112  |r 2026-02-21 21:20:19  |t č. 1-2  |w 2026-02-21  |y PREZ 
952 |0 0  |1 0  |4 0  |7 0  |8 0  |a SNK  |b SNK  |d 2005-03-09  |i snk2005/3566  |l 0  |o snkČSB 5089/9/2002 D1  |p 17A0446113  |r 2026-02-21 21:20:19  |t č. 1-2  |w 2026-02-21  |y PREZ 
952 |0 0  |1 0  |4 0  |7 0  |8 0  |a SNK  |b SNK  |d 2013-11-06  |i snk2013/27003  |l 0  |o snkČSB 5089/10/2003 D1  |p 17A1086593  |r 2026-02-21 21:43:00  |t č. 1  |w 2026-02-21  |y PREZ 
952 |0 0  |1 0  |4 0  |7 0  |8 0  |a SNK  |b SNK  |d 2013-11-06  |f 1  |i snk2013/27002  |l 0  |o snkČSB 5089/10/2003  |p 17A1086592  |r 2026-02-21 21:43:18  |t č. 1  |w 2026-02-21  |y PREZ 
952 |0 0  |1 0  |4 0  |7 0  |a SNK  |b SNK  |d 2013-11-14  |f 1  |i snkČSP 2465/2000  |l 0  |o snkČSB 5089/3/1996  |p 17A0896590  |r 2026-02-21 21:43:30  |t č. 1-3  |w 2026-02-21  |y PREZ 
952 |0 0  |1 0  |4 0  |7 0  |8 0  |a SNK  |b SNK  |d 2013-11-07  |f 1  |i snk2013/27026  |l 0  |o snkČSB 5089/15/2008  |p 17A1086602  |r 2026-02-21 21:43:31  |t č. 1-2, neúplné  |w 2026-02-21  |y PREZ  |z chýba č. 1 
952 |0 0  |1 0  |4 0  |7 0  |8 0  |a SNK  |b SNK  |d 2013-11-07  |i snk2013/27027  |l 0  |o snkČSB 5089/15/2008 D1  |p 17A1086603  |r 2026-02-21 21:43:31  |t č. 1-2, neúplné  |w 2026-02-21  |y PREZ  |z chýba č. 1 
952 |0 0  |1 0  |4 0  |7 0  |8 0  |a SNK  |b SNK  |d 2013-11-07  |f 1  |i snk2013/27028  |l 0  |o snkČSB 5089/16/2009  |p 17A1086604  |r 2026-02-21 21:43:31  |t č. 1-2  |w 2026-02-21  |y PREZ 
952 |0 0  |1 0  |4 0  |7 0  |8 0  |a SNK  |b SNK  |d 2013-11-07  |i snk2013/27037  |l 0  |o snkČSB 5089/16/2009 D1  |p 17A1086605  |r 2026-02-21 21:43:32  |t č. 1-2  |w 2026-02-21  |y PREZ 
952 |0 0  |1 0  |4 0  |7 0  |8 0  |a SNK  |b SNK  |d 2013-11-07  |f 1  |i snk2013/27041  |l 0  |o snkČSB 5089/17/2010  |p 17A1086606  |r 2026-02-21 21:43:32  |t č. 1-2  |w 2026-02-21  |y PREZ 
952 |0 0  |1 0  |4 0  |7 0  |8 0  |a SNK  |b SNK  |d 2013-11-07  |i snk2013/27043  |l 0  |o snkČSB 5089/17/2010 D1  |p 17A1086607  |r 2026-02-21 21:43:32  |t č. 1-2  |w 2026-02-21  |y PREZ 
952 |0 0  |1 0  |4 0  |7 0  |8 0  |a SNK  |b SNK  |d 2013-11-07  |f 1  |i snk2013/27048  |l 0  |o snkČSB 5089/18/2011  |p 17A1086608  |r 2026-02-21 21:43:32  |t č. 1-2  |w 2026-02-21  |y PREZ 
952 |0 0  |1 0  |4 0  |7 0  |8 0  |a SNK  |b SNK  |d 2013-11-07  |i snk2013/27051  |l 0  |o snkČSB 5089/18/2011 D1  |p 17A1086609  |r 2026-02-21 21:43:32  |t č. 1-2  |w 2026-02-21  |y PREZ 
952 |0 0  |1 0  |4 0  |7 0  |8 0  |a SNK  |b SNK  |d 2013-11-07  |f 1  |i snk2013/27053  |l 0  |o snkČSB 5089/19/2012  |p 17A1086610  |r 2026-02-21 21:43:32  |t č. 1-2  |w 2026-02-21  |y PREZ 
952 |0 0  |1 0  |4 0  |7 0  |8 0  |a SNK  |b SNK  |d 2013-11-06  |f 1  |i snk2013/27004  |l 0  |o snkČSB 5089/11/2004  |p 17A1086594  |r 2026-02-21 21:43:42  |t č. 1-2  |w 2026-02-21  |y PREZ 
952 |0 0  |1 0  |4 0  |7 0  |8 0  |a SNK  |b SNK  |d 2013-11-06  |i snk2013/27005  |l 0  |o snkČSB 5089/11/2004 D1  |p 17A1086595  |r 2026-02-21 21:43:42  |t č. 1-2  |w 2026-02-21  |y PREZ 
952 |0 0  |1 0  |3 úplný  |4 0  |7 0  |8 0  |a SNK  |b SNK  |d 2013-11-06  |f 1  |i snk2013/27006  |l 0  |o snkČSB 5089/12/2005  |p 17A1086596  |r 2026-02-21 21:43:42  |t č. 1-2  |w 2026-02-21  |y PREZ 
952 |0 0  |1 0  |4 0  |7 0  |8 0  |a SNK  |b SNK  |d 2013-11-06  |i snk2013/27007  |l 0  |o snkČSB 5089/12/2005 D1  |p 17A1086597  |r 2026-02-21 21:43:42  |t č. 1-2, neúplné  |w 2026-02-21  |y PREZ  |z chýba č. 1 
952 |0 0  |1 0  |4 0  |7 0  |8 0  |a SNK  |b SNK  |d 2013-11-06  |f 1  |i snk2013/27008  |l 0  |o snkČSB 5089/13/2006  |p 17A1086598  |r 2026-02-21 21:43:43  |t č. 1-2  |w 2026-02-21  |y PREZ 
952 |0 0  |1 0  |4 0  |7 0  |8 0  |a SNK  |b SNK  |d 2013-11-06  |i snk2013/27009  |l 0  |o snkČSB 5089/13/2006 D1  |p 17A1086599  |r 2026-02-21 21:43:43  |t č. 1-2  |w 2026-02-21  |y PREZ 
952 |0 0  |1 0  |4 0  |7 0  |8 0  |a SNK  |b SNK  |d 2013-11-06  |f 1  |i snk2013/27010  |l 0  |o snkČSB 5089/14/2007  |p 17A1086600  |r 2026-02-21 21:43:43  |t č. 1  |w 2026-02-21  |y PREZ 
952 |0 0  |1 0  |4 0  |7 0  |8 0  |a SNK  |b SNK  |d 2013-11-06  |i snk2013/27011  |l 0  |o snkČSB 5089/14/2007 D1  |p 17A1086601  |r 2026-02-21 21:43:43  |t č. 1  |w 2026-02-21  |y PREZ 
952 |0 0  |1 0  |4 0  |7 0  |8 0  |a SNK  |b SNK  |d 2017-09-27  |i snk2017/20834  |l 0  |o snkČSB 5089/22/2015 D1  |p 17A1264660  |r 2026-02-21 21:56:27  |t č. 1-2  |w 2026-02-21  |y PREZ 
952 |0 0  |1 0  |4 0  |7 0  |8 0  |a SNK  |b SNK  |d 2019-10-14  |f 1  |i snk2019/25933  |l 0  |o snkČSB 5089/23/2016  |p 17A1383810  |r 2026-02-21 22:00:06  |t č. 1  |w 2026-02-21  |y PREZ 
952 |0 0  |1 0  |4 0  |7 0  |8 0  |a SNK  |b SNK  |d 2019-10-14  |f 1  |i snk2019/25934  |l 0  |o snkČSB 5089/24/2017  |p 17A1383809  |r 2026-02-21 22:00:06  |t č. 1  |w 2026-02-21  |y PREZ 
952 |0 0  |1 0  |4 0  |7 0  |8 0  |a SNK  |b SNK  |d 2017-03-24  |f 1  |i snk2017/7409  |l 0  |o snkČSB 5089/21/2014  |p 17A1205662  |r 2026-02-21 22:04:13  |t č. 1  |w 2026-02-21  |y PREZ 
952 |0 0  |1 0  |4 0  |7 0  |8 0  |a SNK  |b SNK  |d 2017-03-24  |i snk2017/7410  |l 0  |o snkČSB 5089/21/2014 D1  |p 17A1205663  |r 2026-02-21 22:04:13  |t č. 1  |w 2026-02-21  |y PREZ 
952 |0 0  |1 0  |4 0  |7 0  |8 0  |a SNK  |b SNK  |d 2017-03-24  |f 1  |i snk2017/7411  |l 0  |o snkČSB 5089/22/2015  |p 17A1205664  |r 2026-02-21 22:04:13  |t č. 1-2  |w 2026-02-21  |y PREZ 
952 |0 0  |1 0  |4 0  |7 0  |8 0  |a SNK  |b SNK  |d 2020-09-16  |f 1  |i snk2020/16162  |l 0  |o snkČSB 5089/25/2018  |p 17A1431516  |r 2026-02-21 22:15:48  |t č. 1  |w 2026-02-21  |y PREZ 
952 |0 0  |1 0  |4 0  |7 0  |8 0  |a SNK  |b SNK  |d 2020-09-16  |f 1  |i snk2020/16163  |l 0  |o snkČSB 5089/26/2019  |p 17A1431517  |r 2026-02-21 22:15:48  |t č. 1  |w 2026-02-21  |y PREZ